[Event "DSOL 07 Liga Gr-B 1st"]
[Site "Playchess.com INT"]
[Date "2020.07.10"]
[Round "3.4"]
[White "Coudsi, Lucas"]
[Black "Kaven, Carsten"]
[Result "0-1"]
[WhiteElo "1023"]
[BlackElo "1082"]
[PlyCount "56"]
[EventDate "2020.06.22"]
[EventType "team-tourn (rapid)"]
[EventCountry "GER"]
[SourceTitle "EXT 2021"]
[Source "ChessBase"]
[SourceDate "2020.10.23"]
[SourceVersion "1"]
[SourceVersionDate "2020.10.23"]
[SourceQuality "1"]
[WhiteTeam "Heuchelheim"]
[BlackTeam "Hamburger SK X"]
[WhiteTeamCountry "GER"]
[BlackTeamCountry "GER"]

1. e4 e5 2. Nf3 Nc6 3. d4 exd4 4. Nxd4 Nxd4 5. Qxd4 d6 6. Bc4 Be6 7. Nd2 Nf6 8. 0-0 c5 9. Qe3 Bxc4 10. Nxc4 b5 11. Nd2 Be7 12. Qg3 0-0 13. Nf3 Nxe4 14. Qg4 Nf6 15. Qg3 Re8 16. Bh6 g6 17. Ng5 Bf8 18. Bxf8 Rxf8 19. Rfe1 h6 20. Nf3 Re8 21. Rxe8+ Nxe8 22. Nh4 Qf6 23. c3 Ng7 24. Rd1 Rd8 25. f4 Nf5 26. Nxf5 Qxf5 27. h4 Qc2 28. h5 Qxd1+ 0-1